00423nam a2200133Ia 4500008004100000082001800041100001600059245004500075260002200120300001000142942001200152999001900164952010600183210430s9999 xx 000 0 und d a620.11 T582 E aR L Timings aEngineering Materials Vol 1cR L Timings aUKbLongmanc1998 a385p. cBK2ddc c561940d561940 001040708NFICaSCMEbSCMEcGENd0000-00-00l0o620.11 T582 EpSCME-798r2021-04-30w2021-04-30yBK